[Event "Tarragona-ch"]
[Site "Tarragona"]
[Date "2003.??.??"]
[Round "9"]
[White "Boquera Vernet, Joan"]
[Black "Loma Rodriguez, Alberto"]
[Result "1-0"]
[WhiteElo "2005"]
[BlackElo "2070"]
[PlyCount "119"]
[EventDate "2003.??.??"]
[EventType "swiss"]
[EventRounds "9"]
[EventCountry "ESP"]
[SourceTitle "EXT 2007"]
[Source "ChessBase"]
[SourceDate "2006.11.23"]
[SourceVersion "1"]
[SourceVersionDate "2006.11.23"]
[SourceQuality "1"]

1. e4 c5 2. Nf3 Nc6 3. d4 cxd4 4. Nxd4 Nf6 5. Nc3 e5 6. Nf3 d6 7. Be2 Be7 8. 0-0 0-0 9. Bg5 Be6 10. Qd2 Qa5 11. a3 h6 12. b4 Qb6 13. Bxf6 Bxf6 14. Nd5 Bxd5 15. Qxd5 Ne7 16. Qd3 Rfd8 17. c4 g5 18. Rac1 Rac8 19. Qb3 Nc6 20. Qd3 Kh8 21. Nd2 Nd4 22. Bg4 Rc7 23. Qh3 Kg7 24. Bh5 Be7 25. Rfe1 Ne6 26. Qf3 Rf8 27. Nf1 Nd4 28. Qd3 f5 29. exf5 Nxf5 30. Bg4 Nh4 31. Ne3 Bd8 32. g3 Ng6 33. Nf5+ Kh7 34. Qxd6 h5 35. Bxh5 Rxf5 36. Qxd8 Qxf2+ 37. Kh1 Rcf7 38. Qd3 Qb2 39. Bxg6+ Kxg6 40. Rf1 Qd4 41. Qxd4 Rxf1+ 42. Rxf1 Rxf1+ 43. Qg1 Rxg1+ 44. Kxg1 Kf5 45. h3 Ke4 46. Kf2 Kd3 47. Ke1 Kxc4 48. Ke2 Kd5 49. Ke3 e4 50. h4 gxh4 51. gxh4 Ke5 52. h5 Kf5 53. h6 Kg6 54. Kxe4 Kxh6 55. Kd5 Kg7 56. Kd6 Kf6 57. Kc7 b5 58. Kb7 Ke6 59. Kxa7 Kd5 60. Kb6 1-0

[Event "Tarragona Province-ch 45th"]
[Site "Tarragona"]
[Date "2002.10.06"]
[Round "1"]
[White "Reig Pinol, Armand"]
[Black "Boquera Vernet, Joan"]
[Result "1-0"]
[WhiteElo "2102"]
[BlackElo "1985"]
[PlyCount "35"]
[EventDate "2002.11.02"]
[EventType "swiss"]
[EventRounds "8"]
[EventCountry "ESP"]
[SourceTitle "CBM 091 Extra"]
[Source "ChessBase"]
[SourceDate "2003.01.09"]
[SourceVersion "1"]
[SourceVersionDate "2003.01.09"]
[SourceQuality "1"]

1. e4 c5 2. c3 Nc6 3. d4 cxd4 4. cxd4 e6 5. Nf3 Nf6 6. Nc3 Bb4 7. Bd3 Qb6 8. Be3 Ng4 9. 0-0 0-0 10. Ng5 Nxe3 11. fxe3 Be7 12. Nxh7 Kxh7 13. Qh5+ Kg8 14. e5 g6 15. Bxg6 fxg6 16. Qxg6+ Kh8 17. Rxf8+ Bxf8 18. Rf1 1-0